000 00306nam a22001217a 4500
008 160520b xxu||||| |||| 00| 0 eng d
020 _a9781452220154
020 _a9781452220154
041 _aeng
080 _a579
245 _aKeeping the republic:
_cChristine Barbour; Gerald C. Wright;
942 _2udc
_cBK
999 _c2315
_d2315